Meteorología

Guardat en:
Dades bibliogràfiques
Autor principal: Tanck, Hans-Joachim (Autor)
Format: Llibre
Idioma:espanyol
Publicat: Madrid Alianza 1971
Col·lecció:Ciencia y técnica
Matèries:
Etiquetes: Afegir etiqueta
Sense etiquetes, Sigues el primer a etiquetar aquest registre!

MARC

LEADER 00000nam a2200000 a 4500
001 UCU4109
003 CL-VaPUC
008 960517e19710000SP |||||||||||||||||spa|d
082 0 4 |a 551.5  |b TAN  |2 21 
100 0 |a Tanck, Hans-Joachim  |e author  |9 361533 
245 1 0 |a Meteorología 
300 |a 182 p 
942 |c BK 
945 |d 19960517 00:00:00  |a paguirre 
260 |a Madrid  |b Alianza  |c 1971 
650 7 |a METEOROLOGIA  |2 CL-VaPUC  |9 260030 
650 7 |a TIEMPO ATMOSFERICO  |2 CL-VaPUC  |9 360604 
650 7 |a LLUVIA  |2 CL-VaPUC  |9 361473 
650 7 |a PRESION ATMOSFERICA  |2 CL-VaPUC  |9 360580 
650 7 |a PRECIPITACIONES ARTIFICIALES  |2 CL-VaPUC  |9 361514 
583 |a last modification  |c 19960517 00:00:00  |k Rodrigo Vera 
490 0 |a Ciencia y técnica 
999 |c 247925  |d 247923 
952 |0 0  |1 0  |4 0  |6 551_500000000000000_TAN_1971  |7 0  |8 A  |9 264185  |a BIBING  |b BIBING  |d 2019-11-19  |i 1661604  |o 551.5 TAN 1971  |p 1661604  |r 2025-01-20  |w 2019-11-19  |y BK  |k GEO